Fr. Conceicao Rodrigues College of Engineering

Electroplating and other surface treatments:Practical guidep (Record no. 31757)

MARC details
000 -LEADER
fixed length control field 00326nam a2200133Ia 4500
082 ## - DEWEY DECIMAL CLASSIFICATION NUMBER
Classification number 671.732
Item number VAR
100 ## - MAIN ENTRY--PERSONAL NAME
Personal name Varghese/C.D.
245 ## - TITLE STATEMENT
Title Electroplating and other surface treatments:Practical guidep
260 ## - PUBLICATION, DISTRIBUTION, ETC.
Name of publisher, distributor, etc. Tata Mc Graw hill
Date of publication, distribution, etc. 1993
300 ## - PHYSICAL DESCRIPTION
Extent 199
546 ## - LANGUAGE NOTE
Language note ENGLISH
654 ## - SUBJECT ADDED ENTRY--FACETED TOPICAL TERMS
Focus term electroplating
942 ## - ADDED ENTRY ELEMENTS (KOHA)
Koha item type BOOK
Holdings
Withdrawn status Lost status Damaged status Not for loan Collection Home library Current library Date acquired Total Checkouts Full call number Barcode Date due Date last seen Date last checked out Price effective from Koha item type
        CRC Fr. Agnel's C.Rodrigues College of Engineering AGNEL TECHNICAL COLLEGE LIBRARY 17/03/2023 1 671.732 VAR 13310 06/01/2026 08/10/2025 08/10/2025 17/03/2023 BOOK
        CRC Fr. Agnel's C.Rodrigues College of Engineering Fr. Agnel's C.Rodrigues College of Engineering 17/03/2023   671.732 VAR 13311   17/03/2023   17/03/2023 BOOK